Movies Quiz

Random Movies or Actor Quiz

Name All Movies Quiz Stats

 Plays Quiz not verified by Sporcle

Challenge
Share
Tweet
Embed
Score 0/53 Timer 10:00
0 Plays Today
Year Movie Title % Correct
1976All the President's Men
71.6%
1950All About Eve
70.4%
1949All the King's Men
54.3%
1930All Quiet on the Western Front
39.5%
1999She's All That
35.8%
2009All About Steve
34.6%
1983All the Right Moves
33.3%
1979All That Jazz
32.1%
1984All of Me
30.9%
2002The Sum of All Fears
24.7%
1996Jingle All the Way
22.2%
1979... And Justice for All
19.8%
1966A Man for All Seasons
17.3%
1999 (Foreign)All About my Mother
14.8%
2002All or Nothing
14.8%
1984Against All Odds
12.3%
2000All the Pretty Horses
9.9%
2003All the Way: The Kidnapping of a Music Legend
9.9%
1943The Gang's All Here
8.6%
1955All That Heaven Allows
8.6%
1981All Night Long
8.6%
1988Everybody's All American
8.6%
2002All About the Benjamins
7.4%
2002All I Want
7.4%
2009Tyler Perry's I Can Do Bad All by Myself
7.4%
1942All Through the Night
6.2%
1989All Dogs Go to Heaven
6.2%
Year Movie Title % Correct
1981They All Laughed
4.9%
1982Things Are Tough All Over
4.9%
1998All the Little Animals
4.9%
2001All the Queen's Men
4.9%
2003All the Real Girls
4.9%
1963The Thrill of It All
3.7%
1997Going All the Way
3.7%
2010The Kids are All Right
3.7%
1993All or Nothing at All
2.5%
2001To End All Wars
2.5%
2001All Over the Guy
2.5%
2004Breaking All the Rules
2.5%
1937All Over Town
1.2%
1959Im All Right Jack
1.2%
1997All Over Me
1.2%
1998All I Wanna Do
1.2%
2007All About Us
1.2%
2008All Roads Lead Home
1.2%
2008All Good Things
1.2%
1992All Ladies Do It
0%
1996Love is All There is
0%
1997All Revved Up
0%
2003It's All About Love
0%
2006All You've Got
0%
2007All Hat
0%
2008All Hell Broke Loose
0%

You're not logged in!

Compare scores with friends on all Sporcle quizzes.
OR
Log In

You Might Also Like...

Show Comments

Extras

Created Jun 16, 2010ReportNominate
Tags:Actor Quiz

Top Quizzes Today


Score Distribution

Your Account Isn't Verified!

In order to create a playlist on Sporcle, you need to verify the email address you used during registration. Go to your Sporcle Settings to finish the process.

Report this User

Report this user for behavior that violates our Community Guidelines.

Details: